El Clamor del magisterio : periódico de primera enseñanza periódico de primera enseñanza
Descripción Física:
volums : periodicitat setmanal ; 32 cm
Materias:
Ensenyament primari -- Revistes
Idioma:
Español
MARC
| LEADER | 00000nas a2200000 a 4500 | ||
|---|---|---|---|
| 001 | 29013 | ||
| 003 | AGDB | ||
| 005 | 20260324175804.0 | ||
| 008 | 160829s9999 xx 000 0 cat d | ||
| 041 | |a spa | ||
| 080 | |a Revistes | ||
| 245 | |a El Clamor del magisterio : |b periódico de primera enseñanza | ||
| 260 | |a Barcelona : |b Imprenta Elzeviriana-Borrás, Mestres y Ca., [1865?-19--] | ||
| 300 | |a volums : |b periodicitat setmanal ; |c 32 cm | ||
| 590 | |a Descripció basada en: any 46, núm. 50 (des. 1911). | ||
| 590 | |a Prové de la caixeta de Casa de Caritat, any 1878, núm. 2158, exp. 2162 | ||
| 650 | |a Ensenyament primari |x Revistes |9 41403 | ||
| 866 | |a Any 46, 1911 (50); any 47, 1912 (29, 34, 35, 36, 37, 39, 40); any 48, 1913 (12, 14) | ||
| 901 | |a Arxiu | ||
| 942 | |n 1 |2 udc |c ARXIU | ||
| 952 | |0 0 |1 0 |2 udc |4 0 |6 REV2388 |7 1 |9 50196 |a Arxiu |b Arxiu |d 2016-12-01 |h Núm. 50 (1911); núm. 29, 34, 35, 36, 37, 39, 40 (1912) ; núm. 12, 14 (1913) |l 0 |o Rev-2388 |p 29013 |r 2016-12-01 00:00:00 |w 2016-12-01 |y ARXIU | ||
| 999 | |c 54038 |d 54038 | ||